书目信息 |
| 书名: | Mechanisms of inorganic and organometallic reactions | |
| 作者: | edited by M.V. Twigg | |
| 分册号: | ||
| 分册名: | 出版地: | New York : |
|
| 出版社: | Plenum Press | |
| 出版时间: | c1983-94. | |
| 页数: | v. <1-3, 5-8> : | |
| 开本: | 24 cm. | |
| 丛书名: | ||
| 中图分类号: | ||
| 科图分类号: | ||
| 其他分类号: | O61 | |
| 主题词: | ||
| 电子资源: | ||
| 000 | 01042nam 2200301 a 4500 | |
| 001 | E0752590061 | |
| 005 | 20070301143650.39 | |
| 008 | uu | |
| 008 | 00100 eng | |
| 010 | @a83002140 //r84 | |
| 020 | @a0306411423 (v. 1). | |
| 020 | @a030641404X (v. 2). | |
| 049 | @aN5LA | |
| 050 | 0 | @aQD501 @b.M426 1983 |
| 082 | 0 | @a541.3/9 @219 |
| 090 | @a2/O611.3/M48////////////463097/v.1/465521/v.2/708725/v.3/716930/v.5/1010774/v.6/1035109/v.7/1132131/v.8 | |
| 090 | @aO61 | |
| 096 | @aO611.3 @v2 | |
| 099 | @dO61@ex4:1 | |
| 245 | 00 | @aMechanisms of inorganic and organometallic reactions / @cedited by M.V. Twigg |
| 260 | 0 | @aNew York :@bPlenum Press,@cc1983-94. |
| 300 | @av. <1-3, 5-8> :@bill. ;@c24 cm. | |
| 504 | @aIncludes bibliographical references and indexes. | |
| 650 | 0 | @aOrganometallic compounds. |
| 650 | 0 | @aChemical reactions. |
| 650 | 0 | @aChemistry, Inorganic. |
| 700 | 10 | @aTwigg, M. V., @eed. @b00 @c20020930 @lNLC09 @h2248 @lNLC09 @h2327 @lNLC09 @h1918 |
| 852 | 9 | @bWWJC @cJ08S @k2 @hO611.3 @iM48 |
| Mechanisms of inorganic and organometallic reactions / / edited by M.V. Twigg.-New York : : Plenum Press, , c1983-94. |
| v. <1-3, 5-8> : : ill. ; ; 24 cm. |
| Includes bibliographical references and indexes. |
| ISBN 0306411423 (v. 1). |
| ● |
| 相关链接 |
|
|
|
|
正题名:Mechanisms of inorganic and organometallic reactions
索取号:O61/x4:1
 
预约/预借
| 序号 | 登录号 | 条形码 | 馆藏地/架位号 | 状态 | 备注 |
| 1 | 181060 | 000637172 | 第四借阅区/ [索取号:O61/x4:1] | 在馆 | |
| 2 | 181061 | 000637181 | 第二样本阅览室/ [索取号:O61/x4:1] | 在馆 | |
| 3 | 183299 | 000636011 | 第四借阅区/ [索取号:O61/x4:1] | 在馆 |